000
00228nam a2200097Ia 4500
008
190216s9999||||xx |||||||||||||| ||und||
100
_a
Dr.S K Bhogle
245
0
_a
Principles Of Public Administration
260
_b
Null
942
_c
BK
999
_c
4721
_d
4721